[Event "Challenge"]
[Site "http://www.queenalice.com/game.php?id=491262"]
[Date "2008.11.10"]
[Round "-"]
[White "gotinha"]
[Black "guidzidlo"]
[Result "1-0"]
[WhiteElo "1665"]
[BlackElo "1656"]

1. e4 e5 2. Nf3 d6 3. Bc4 Nf6 4. d4 Nxe4 5. dxe5 Nc6 6. Qd5 Nxe5 7. Nxe5 Qf6 8.
Qxe4 dxe5 9. Nc3 Bf5 10. Qxb7 Rd8 11. Qxc7 Bxc2 12. Qxa7 Bd6 13. Nd5 Bb4+ 14.
Bd2 Bxd2+ 15. Kxd2 Qg6 16. Qe7# 1-0

[Event "Challenge"]
[Site "http://www.queenalice.com/game.php?id=491263"]
[Date "2008.11.10"]
[Round "-"]
[White "gotinha"]
[Black "guidzidlo"]
[Result "1-0"]
[WhiteElo "1681"]
[BlackElo "1640"]

1. e4 e5 2. Nf3 Nc6 3. d4 Bd6 4. Bb5 exd4 5. Bxc6 bxc6 6. Qxd4 Nf6 7. e5 Qe7 8.
O-O Bxe5 9. Qxe5 Qxe5 10. Nxe5 O-O 11. Nc3 Bb7 12. Bg5 Nh5 13. Nxd7 Rfe8 14.
Rfe1 h6 15. Be3 Rad8 16. Nc5 Bc8 17. Rad1 Bf5 18. Rxd8 Rxd8 19. Nb7 Rb8 20. Nc5
Bxc2 21. Nd7 Rxb2 22. Bxa7 Nf4 23. g3 Nh3+ 24. Kg2 Bf5 25. Bd4 Bxd7 26. Nd5 cxd5
27. Bxb2 1-0

[Event "Let's Play Chess!"]
[Site "http://www.queenalice.com/game.php?id=530223"]
[Date "2009.1.27"]
[Round "-"]
[White "gotinha"]
[Black "anetta007"]
[Result "1-0"]
[WhiteElo "1711"]
[BlackElo "1538"]

1. e4 c5 2. Bc4 e6 3. Nf3 d6 4. d4 cxd4 5. Qxd4 Nc6 6. Qd3 Nf6 7. Bg5 Be7 8. Nc3
h6 9. Bf4 Bd7 10. e5 dxe5 11. Nxe5 Nxe5 12. Bxe5 Bb4 13. O-O-O Bxc3 14. Bxc3 O-O
15. Bxf6 Qxf6 16. Qxd7 Qf4+ 17. Rd2 Qxc4 18. Qxb7 Qxa2 19. Rd7 Qa1+ 20. Kd2 Qxh1
21. Rxf7 1-0

[Event "Let's Play Chess!"]
[Site "http://www.queenalice.com/game.php?id=530356"]
[Date "2009.1.27"]
[Round "-"]
[White "gotinha"]
[Black "CampbellMarcel"]
[Result "1-0"]
[WhiteElo "1709"]
[BlackElo "1238"]

1. Nf3 b6 2. g3 Nf6 3. Bg2 Bb7 4. d3 d5 5. Nc3 d4 6. Nb5 Bxf3 7. Bxf3 c6 8. Na3
e5 9. Bg5 h6 10. Bxf6 Qxf6 11. e3 dxe3 12. fxe3 Bxa3 13. bxa3 O-O 14. d4 Rd8 15.
c3 exd4 16. cxd4 Nd7 17. Bxc6 Qxc6 18. Rf1 Qc3+ 19. Ke2 Ne5 20. Qb3 Qxb3 21.
axb3 Ng4 22. h4 Re8 23. Kf3 Nh2+ 24. Kf4 Nxf1 25. Rxf1 f6 26. Rc1 1-0

[Event "Challenge"]
[Site "http://www.queenalice.com/game.php?id=530373"]
[Date "2009.1.27"]
[Round "-"]
[White "Xerxes"]
[Black "gotinha"]
[Result "1-0"]
[WhiteElo "1789"]
[BlackElo "1727"]

1. e4 e5 2. Nc3 Nf6 3. a3 Bc5 4. h3 Nc6 5. Nf3 Nd4 6. Nxe5 Qe7 7. Ng4 Nxe4 8.
Ne3 Nxc3 9. bxc3 Nf5 10. Bd3 d6 11. O-O Nxe3 12. dxe3 g6 13. Qf3 f5 14. Bb2 O-O
15. Rfe1 c6 16. c4 Be6 17. Qe2 Rad8 18. Qd2 d5 19. Qc3 b5 20. Qh8+ Kf7 21. Qxh7+
Ke8 22. Qxe7+ Kxe7 23. cxb5 Rb8 24. a4 a6 25. Reb1 axb5 26. axb5 cxb5 27. Be5
Bd6 28. Bxd6+ Kxd6 29. Rxb5 Rxb5 30. Bxb5 Rc8 31. Bd3 Ke5 32. Re1 g5 33. g3 Rg8
34. f4+ gxf4 35. exf4+ Kd6 36. Kg2 d4 37. Kh2 Bd5 38. Bxf5 Bc4 39. g4 Rb8 40. h4
Rb2 41. Kg3 Ba2 42. Rd1 Kd5 43. Bd3 Bc4 44. h5 Bxd3 45. cxd3 Ke6 46. h6 Kf7 47.
f5 Kf6 48. Rh1 Kg5 49. Rh5+ Kf6 50. h7 Kf7 51. h8=Q Rb3 52. Rh7# 1-0

[Event "Challenge"]
[Site "http://www.queenalice.com/game.php?id=537431"]
[Date "2009.2.9"]
[Round "-"]
[White "Bruuno"]
[Black "gotinha"]
[Result "0-1"]
[WhiteElo "1496"]
[BlackElo "1720"]

1. e4 e5 2. Nf3 Nc6 3. Bc4 d6 4. d4 Bg4 5. Nbd2 Nxd4 6. O-O Nf6 7. Qe1 Nxc2 8.
Qe2 Nxa1 9. Ne1 Be7 10. Qxg4 Bf8 11. Qf3 d5 12. Bd3 Bb4 13. exd5 Nxd5 14. Bc4
O-O 15. Bxd5 Bxd2 16. Bxd2 c6 17. Bxf7+ Rxf7 18. Qd1 Rd7 19. Nf3 Qb6 20. Qxa1
Rf8 21. Qe1 Qxb2 22. Nxe5 Rxd2 23. Nc4 Re2 24. Nxb2 Rxe1 25. Rxe1 Rd8 26. Re7
Rd2 27. Rxb7 Re2 28. Kf1 Rc2 29. Nd3 Rxa2 30. Nb4 Ra1+ 31. Ke2 Rb1 32. Rb8+ Kf7
33. Rb7+ Kf6 34. Nd5+ cxd5 35. Rxb1 Ke5 36. Rb7 Kf6 37. Rxa7 h5 38. h4 g6 39. f4
Kf5 40. g3 Ke4 41. Re7+ Kd4 0-1

[Event "Challenge"]
[Site "http://www.queenalice.com/game.php?id=540153"]
[Date "2009.2.14"]
[Round "-"]
[White "gotinha"]
[Black "samuelrmgs"]
[Result "1-0"]
[WhiteElo "1707"]
[BlackElo "1303"]

1. e4 e5 2. Nf3 Nf6 3. Nc3 Bc5 4. d4 exd4 5. Nxd4 Na6 6. e5 Ng8 7. Be3 Nb4 8.
Nf5 Bxe3 9. Nxe3 Qe7 10. Qd4 Nxc2+ 11. Nxc2 b6 12. Nd5 Qg5 13. Nxc7+ Kd8 14.
Nxa8 f5 15. exf6 gxf6 16. Nb4 Bb7 17. Rd1 Bxa8 18. Qxd7# 1-0

[Event "Challenge"]
[Site "http://www.queenalice.com/game.php?id=540648"]
[Date "2009.2.15"]
[Round "-"]
[White "allbishop"]
[Black "gotinha"]
[Result "1-0"]
[WhiteElo "1270"]
[BlackElo "1711"]

1. e4 e5 2. f4 d6 3. Bc4 Nf6 4. d3 Nc6 5. Nf3 Bg4 6. Bxf7+ Kxf7 7. fxe5 dxe5 8.
O-O Bc5+ 9. Kh1 Nd4 10. Nxe5+ Kf8 11. Nxg4 h5 12. Nxf6 gxf6 13. b4 Bd6 14. c3
Nb5 15. Bf4 Be5 16. Bxe5 Rh6 17. d4 Ke7 18. Bf4 Rg6 19. Qxh5 Kf7 20. Bg5 Ke7 21.
Qxg6 fxg5 22. Rf7+ Ke8 23. Qg8# 1-0

[Event "Challenge"]
[Site "http://www.queenalice.com/game.php?id=545505"]
[Date "2009.2.23"]
[Round "-"]
[White "gotinha"]
[Black "esteban"]
[Result "0-1"]
[WhiteElo "1727"]
[BlackElo "1814"]

1. e4 c6 2. d4 d5 3. Nc3 dxe4 4. Nxe4 Bf5 5. Bd3 e6 6. Nf3 Nd7 7. Bg5 f6 8. Bh4
Qb6 9. Nd6+ Bxd6 10. Bxf5 exf5 11. d5 c5 12. Qe2+ Ne7 13. b3 O-O-O 14. Qe6 Rhe8
15. Qf7 Ng6+ 16. Kd2 Re7 17. Qe6 Rxe6 18. dxe6 Nde5 19. Nxe5 Bxe5+ 20. Ke2 Nxh4
21. Rad1 Rxd1 22. Rxd1 Qxe6 23. Re1 Bc3+ 24. Kd3 Qxe1 25. Kc4 Bd4 26. g3 Qd2 27.
gxh4 Kd7 28. Kd5 Bxf2+ 29. Kc4 Qd4+ 30. Kb5 Kc7 31. c4 a6+ 32. Ka5 Qc3+ 33. b4
Qxb4# 0-1

[Event "Challenge"]
[Site "http://www.queenalice.com/game.php?id=572318"]
[Date "2009.4.15"]
[Round "-"]
[White "MarcioDiasRamos"]
[Black "gotinha"]
[Result "1-0"]
[WhiteElo "1696"]
[BlackElo "1703"]

1. e4 e5 2. Nf3 Nc6 3. Bb5 Nf6 4. d3 Bc5 5. Bxc6 dxc6 6. Nxe5 Qd4 7. O-O Ba3 8.
Nxf7 Bxb2 9. c3 Bg4 10. Qc2 Qb6 11. Be3 Qb5 12. Na3 Bxa3 13. Nxh8 Ke7 14. c4 Qb4
15. Rab1 Qa5 16. Rxb7 Rxh8 17. Rxa7 Qb4 18. Rb1 Qd6 19. c5 Qe5 20. f4 Qh5 21.
Rxc7+ Nd7 22. Rxc6 h6 23. f5 Ne5 24. Re6+ Kf7 25. Rxe5 Kf6 26. Re6+ Kf7 27. Rb7+
Kg8 28. Rg6 Rh7 29. Qb3+ Kf8 30. Qf7# 1-0

[Event "Challenge"]
[Site "http://www.queenalice.com/game.php?id=572319"]
[Date "2009.4.15"]
[Round "-"]
[White "gotinha"]
[Black "agargent"]
[Result "0-1"]
[WhiteElo "1687"]
[BlackElo "1129"]

1. e4 e5 2. Nf3 Nc6 3. Bb5 d6 4. Bxc6+ bxc6 5. Nc3 Nf6 6. d3 Be7 7. Bg5 O-O 8.
d4 Bg4 9. dxe5 dxe5 10. Nxe5 Bxd1 11. Rxd1 Qc8 12. Nxc6 Qe6 13. Nxe7+ Qxe7 14.
Bxf6 Qxf6 15. Rd7 Qc6 16. Rd5 Rab8 17. b3 Qxc3+ 18. Kd1 Qa1+ 19. Ke2 Qxh1 20.
Rd7 Qxh2 21. Rxc7 Qxc7 22. c4 Rfe8 23. f3 Qa5 24. a4 Rxb3 25. g4 Qc3 26. Kf2
Qxf3+ 27. Ke1 Rxe4+ 28. Kd2 Re2+ 29. Kd1 Qf1# 0-1

[Event "Challenge"]
[Site "http://www.queenalice.com/game.php?id=572320"]
[Date "2009.4.15"]
[Round "-"]
[White "gotinha"]
[Black "Martin_Stahl"]
[Result "0-1"]
[WhiteElo "1714"]
[BlackElo "1828"]

1. e4 c5 2. Bc4 d6 3. Nf3 Nf6 4. Nc3 Bd7 5. Ng5 e6 6. d3 Be7 7. Bf4 O-O 8. e5
dxe5 9. Bxe5 Nc6 10. Bxf6 Bxf6 11. Nge4 Nd4 12. Qg4 Nxc2+ 13. Kd2 Nxa1 14. Nxf6+
Qxf6 15. Ne4 Qxb2+ 16. Ke3 Nc2+ 17. Kf3 Qe5 18. Rb1 Nd4+ 19. Ke3 f5 20. Qf4 Nc2+
21. Kf3 fxe4+ 22. dxe4 Qxf4+ 23. Ke2 Qxe4+ 24. Kd2 Rxf2+ 25. Kc3 Qd4+ 26. Kb3
Qe3+ 27. Kb2 Nb4+ 28. Ka1 Qc3+ 29. Rb2 Qxb2# 0-1

[Event "Challenge"]
[Site "http://www.queenalice.com/game.php?id=575599"]
[Date "2009.4.21"]
[Round "-"]
[White "ORNELAS"]
[Black "gotinha"]
[Result "0-1"]
[WhiteElo "1842"]
[BlackElo "1662"]

1. d4 d5 2. e3 Nf6 3. c4 Be6 4. c5 Nc6 5. a3 Bg4 6. Be2 Bxe2 7. Qxe2 e6 8. Nf3
b6 9. b4 a5 10. b5 Ne7 11. c6 Nf5 12. Nbd2 Bd6 13. Bb2 O-O 14. Ne5 Bxe5 15. dxe5
Ne8 16. Nf3 f6 17. O-O fxe5 18. Nxe5 Nfd6 19. Nd7 Rf5 20. Qg4 Nxb5 21. Ne5 Qd6
22. a4 Na7 23. Ng6 hxg6 24. Qxg6 Nxc6 25. Ba3 Ne5 26. Qg3 Qd7 27. Bb2 Qd6 28.
Ba3 c5 29. Rac1 Rc8 30. Rcd1 Nc4 31. Qxd6 Nexd6 32. Bc1 Ne4 33. f3 Nc3 34. Rd3
Ne2+ 35. Kh1 Nxc1 36. Rxc1 Nxe3 37. Rxe3 e5 38. Rb3 Rb8 39. Rd1 d4 40. h3 Kf7
41. Kh2 Rg5 42. g4 c4 43. Rb5 c3 44. h4 c2 45. Rc1 d3 46. Rd5 e4 47. fxe4 Rxd5
48. exd5 d2 49. Rxc2 d1=Q 50. Rf2+ Kg8 51. Kg3 Qxa4 52. h5 Rc8 53. Rf5 Rc3+ 54.
Kh4 Qe4 55. Kg5 Rg3 56. Rf4 Qxf4+ 57. Kxf4 Rd3 58. Ke5 a4 59. d6 a3 60. Ke6 a2
61. Kd7 a1=Q 62. Kc7 Qe5 63. Kxb6 Qxd6+ 64. Kb5 Rc3 65. Ka5 Qb8 66. h6 Ra3# 0-1

[Event "Challenge"]
[Site "http://www.queenalice.com/game.php?id=586616"]
[Date "2009.5.11"]
[Round "-"]
[White "helokitty"]
[Black "gotinha"]
[Result "0-1"]
[WhiteElo "1241"]
[BlackElo "1673"]

1. e4 e5 2. d4 d6 3. dxe5 dxe5 4. Bb5+ Bd7 5. Bc4 Nf6 6. Nf3 Bd6 7. O-O Nc6 8.
Qd3 Qe7 9. Nc3 O-O-O 10. Bg5 Bb4 11. Qe3 h6 12. Bh4 g5 13. Bg3 Ng4 14. Qd2 f5
15. exf5 Bxf5 16. Qe1 Bxc2 17. Rc1 Bf5 18. Nb5 Bxe1 19. Rcxe1 Be6 20. Bd3 Rxd3
21. h3 Rd5 22. Nc3 Rd3 23. Ne2 Bxa2 24. Nc1 Bc4 25. hxg4 Rxf3 26. gxf3 Bxf1 27.
Rxf1 Rf8 28. Bh2 Rxf3 29. Kg2 Nd4 30. Rd1 Qf7 31. Bxe5 Rxf2+ 32. Kg3 h5 33. Rxd4
hxg4 34. Kxg4 Qe6+ 35. Kxg5 Qxe5+ 36. Kg4 Qg7+ 37. Kh5 Rh2+ 38. Rh4 Rxb2 39. Nd3
Rb5+ 40. Ne5 Rxe5# 0-1

[Event "Challenge"]
[Site "http://www.queenalice.com/game.php?id=591410"]
[Date "2009.5.20"]
[Round "-"]
[White "MarcioDiasRamos"]
[Black "gotinha"]
[Result "1-0"]
[WhiteElo "1743"]
[BlackElo "1675"]

1. e4 g6 2. d4 b6 3. Nf3 Bb7 4. Bd3 Bg7 5. Be3 d6 6. Nbd2 e6 7. O-O e5 8. d5 Nf6
9. c4 Ba6 10. a4 Nbd7 11. b4 O-O 12. b5 Bb7 13. Nb3 Ng4 14. Bg5 f6 15. Bh4 g5
16. Bg3 c5 17. dxc6 Bxc6 18. bxc6 Nc5 19. Nxc5 dxc5 20. Qe2 Qd6 21. Rad1 Qxc6
22. Nxg5 fxg5 23. Qxg4 h6 24. h4 Bf6 25. hxg5 Bxg5 26. Bxe5 Rae8 27. f4 Qxa4 28.
Ra1 Qc6 29. Rxa7 Re7 30. Rxe7 Qg6 31. Rg7+ Qxg7 32. Bxg7 Kxg7 33. fxg5 Rxf1+ 34.
Kxf1 Kg6 35. e5+ Kg7 36. e6 Kf8 37. gxh6 Ke7 38. h7 Kd6 39. h8=Q Kc6 40. Qc8+
Kd6 41. Qd7+ Ke5 42. Qf5# 1-0

[Event "Challenge"]
[Site "http://www.queenalice.com/game.php?id=593024"]
[Date "2009.5.24"]
[Round "-"]
[White "gotinha"]
[Black "elmo"]
[Result "0-1"]
[WhiteElo "1664"]
[BlackElo "1848"]

1. e4 e5 2. Nf3 Nc6 3. Bb5 Nf6 4. Bxc6 dxc6 5. Nc3 Bd6 6. d4 Bg4 7. h3 Bxf3 8.
gxf3 exd4 9. Qxd4 Be7 10. Qxd8+ Rxd8 11. Bg5 O-O 12. e5 Nd5 13. Nxd5 Bxg5 14.
Rg1 Bd2+ 15. Kxd2 Rxd5+ 16. Kc3 Rfd8 17. f4 a5 18. Rae1 b5 19. e6 fxe6 20. Rxe6
Rc5+ 21. Kb3 a4+ 22. Kb4 Rxc2 23. Re7 Rc4+ 24. Ka3 g6 25. f5 Rd3+ 26. b3 axb3
27. axb3 Rcc3 28. Rg3 Rxb3+ 29. Ka2 Rxg3 30. fxg3 Rxg3 31. fxg6 hxg6 32. Rxc7
Rxh3 33. Rxc6 Kg7 34. Rb6 Rh5 35. Kb3 Rf5 36. Kb4 Kh6 37. Rxb5 Rxb5+ 38. Kxb5
Kg5 39. Kc4 Kf4 40. Kd3 Kf3 41. Kd2 Kf2 42. Kd1 g5 43. Kd2 g4 44. Kd3 g3 45. Ke4
g2 46. Kf4 g1=Q 47. Ke4 Qg5 48. Kd3 Qd5+ 49. Kc2 Qd4 50. Kb3 Ke2 51. Kc2 Qd3+
52. Kc1 Qd2+ 53. Kb1 Kd3 54. Ka1 Kc3 55. Kb1 Qb2# 0-1

[Event "Challenge"]
[Site "http://www.queenalice.com/game.php?id=601361"]
[Date "2009.6.10"]
[Round "-"]
[White "gotinha"]
[Black "rdaigle2003"]
[Result "0-1"]
[WhiteElo "1685"]
[BlackElo "1679"]

1. e4 c5 2. Nf3 d6 3. Bb5+ Nc6 4. Bxc6+ bxc6 5. Nc3 g6 6. d4 Bb7 7. dxc5 dxc5 8.
Be3 Qb6 9. Ne5 Rd8 10. Qf3 Nf6 11. O-O Qxb2 12. Bxc5 Qxc2 13. Bxa7 Bh6 14. Rad1
Rxd1 15. Rxd1 Bf4 16. Qxf4 Qxc3 17. Bd4 Qc2 18. Qf3 c5 19. Bc3 Qxa2 20. Ng4 O-O
21. Nh6+ Kg7 22. Ng4 Qa6 23. Rd7 h5 24. Nxf6 exf6 25. g4 hxg4 26. Qxg4 Bc8 27.
e5 Bxd7 28. exf6+ Kg8 29. Qg5 Qe2 30. f4 Qe3+ 31. Kg2 Bh3+ 32. Kh1 Qf3+ 33. Kg1
Qf1# 0-1

[Event "Challenge"]
[Site "http://www.queenalice.com/game.php?id=625665"]
[Date "2009.7.27"]
[Round "-"]
[White "QueenSarah"]
[Black "gotinha"]
[Result "0-1"]
[WhiteElo "1220"]
[BlackElo "1677"]

1. e4 e5 2. Qf3 Nf6 3. Bc4 Bc5 4. Qg3 O-O 5. Qxe5 d6 6. Qf4 Nc6 7. Nc3 Nd4 8. a3
Nxc2+ 9. Kd1 Nxa1 10. b3 Bg4+ 11. f3 Be6 12. Nge2 Nxb3 13. Bxb3 Bxb3+ 14. Ke1
Bd4 15. Nxd4 Be6 16. h4 c5 17. Nde2 d5 18. exd5 Bxd5 19. Nxd5 Nxd5 20. Qe5 Re8
21. Qg3 Qe7 22. Qf2 c4 23. a4 c3 24. Kf1 cxd2 25. Bxd2 Qa3 26. Qe1 Qxa4 27. Ba5
Ne3+ 28. Kg1 Nc2 29. Qd2 Rad8 30. Bxd8 Qa1+ 31. Kh2 Qe5+ 32. Nf4 g5 33. Bxg5 f6
34. Bh6 Ne3 35. Kg3 Kf7 36. Qd7+ Re7 37. Qd2 Nf5+ 38. Kf2 Nxh6 39. Qd5+ Qxd5 40.
Nxd5 Re5 41. Nf4 Nf5 42. g4 Nd4 43. Rd1 Ne6 44. Nd3 Rd5 45. f4 Nxf4 46. Ke3 Nxd3
47. Ke4 Re5+ 48. Kd4 Re1 49. Rxd3 Rh1 50. g5 Rxh4+ 51. Kc3 fxg5 52. Rd7+ Kf6 53.
Rxb7 g4 54. Rxa7 g3 55. Ra6+ Kg5 56. Re6 Rg4 57. Re5+ Kh4 58. Re6 g2 59. Re1
g1=Q 60. Rxg1 Rxg1 61. Kd2 h5 62. Ke2 Rg8 63. Kf3 Kh3 64. Kf4 h4 65. Kf5 Kg3 66.
Kf6 h3 67. Kf7 Rg4 0-1

[Event "Let's Play Chess!"]
[Site "http://www.queenalice.com/game.php?id=625666"]
[Date "2009.7.27"]
[Round "-"]
[White "spawnwolfwolverine"]
[Black "gotinha"]
[Result "1/2-1/2"]
[WhiteElo "1535"]
[BlackElo "1669"]

1. c4 e5 2. d3 Nf6 3. e4 Bb4+ 4. Bd2 Nc6 5. Bxb4 Nxb4 6. Nc3 c6 7. a3 Na6 8. b4
b5 9. cxb5 cxb5 10. g3 Qb6 11. Bg2 d6 12. Nf3 Bg4 13. O-O Rc8 14. Nd5 Nxd5 15.
exd5 Bxf3 16. Bxf3 O-O 17. Bg2 Qd4 18. h4 Rc3 19. Be4 g6 20. Kg2 f5 21. Bf3 Rxd3
22. Qc2 Qc3 23. Qxc3 Rxc3 24. a4 Nxb4 25. axb5 e4 26. Be2 Ra8 27. b6 Nxd5 28.
bxa7 Rc7 29. Rfb1 Rcxa7 30. Rxa7 Rxa7 31. Bc4 Ra5 32. Rd1 Kg7 33. Rxd5 Rxd5 34.
Bxd5 Kf6 35. Kh3 Ke5 36. Bg8 h5 37. Bf7 Kf6 38. Bc4 g5 39. hxg5+ Kxg5 40. Bd5
Kg6 41. Kh4 Kh6 42. Be6 Kg6 43. Bd5 Kh6 44. Kh3 Kg5 45. Kg2 Kg4 46. Bc6 h4 47.
gxh4 Kxh4 48. Bd5 Kg4 49. f3+ exf3+ 50. Bxf3+ Kf4 51. Bc6 Ke3 52. Kg3 f4+ 53.
Kg2 Kd4 54. Kf2 Ke5 55. Kf3 Kf5 56. Be4+ Ke5 57. Ba8 d5 1/2-1/2

[Event "Challenge"]
[Site "http://www.queenalice.com/game.php?id=667266"]
[Date "2009.10.14"]
[Round "-"]
[White "Lyzardking"]
[Black "gotinha"]
[Result "1/2-1/2"]
[WhiteElo "1464"]
[BlackElo "1679"]

1. e4 e5 2. Nf3 Nf6 3. d4 d6 4. Bc4 Nxe4 5. h4 Nc6 6. dxe5 Nxe5 7. Nxe5 dxe5 8.
Qxd8+ Kxd8 9. O-O Bc5 10. Be3 Bxe3 11. fxe3 f5 12. Rd1+ Ke7 13. Rd5 Kf6 14. Nc3
Nxc3 15. bxc3 Be6 16. Rc5 Bxc4 17. Rxc4 Rad8 18. Rxc7 Rd2 19. Rc1 Rhd8 20. Rxb7
Rd1+ 21. Rxd1 Rxd1+ 22. Kf2 Rd2+ 23. Kg3 Rxc2 24. Rxa7 Rxc3 25. Kf2 h6 26. a4 g5
27. a5 f4 28. exf4 exf4 29. a6 Ra3 30. hxg5+ hxg5 31. Ra8 g4 32. Rf8+ Ke5 33.
Re8+ Kd4 34. Rd8+ Kc4 35. Ra8 Ra2+ 36. Kg1 f3 37. gxf3 gxf3 38. Rf8 Rxa6 39.
Rxf3 Ra2 1/2-1/2

[Event "Challenge"]
[Site "http://www.queenalice.com/game.php?id=683082"]
[Date "2009.11.14"]
[Round "-"]
[White "thedead"]
[Black "gotinha"]
[Result "0-1"]
[WhiteElo "1595"]
[BlackElo "1664"]

1. e4 e5 2. Nf3 Nc6 3. d3 Nf6 4. h3 Bc5 5. c3 d6 6. Be2 O-O 7. O-O b5 8. a3 Bb7
9. b4 Bb6 10. Bb2 a5 11. bxa5 Rxa5 12. Re1 d5 13. Qc2 dxe4 14. dxe4 Ne7 15. Nbd2
Ra4 16. Bxb5 Bxf2+ 17. Kxf2 Bxe4 18. Nxe4 Rxe4 19. Rxe4 Nxe4+ 20. Ke2 Qb8 21.
Bd3 f5 22. Nxe5 Rd8 23. Bxe4 fxe4 24. a4 c5 25. Rb1 Qxe5 26. c4 Qg3 27. Qxe4 Re8
28. Kf1 Rf8+ 29. Kg1 Qf2+ 30. Kh1 Nf5 31. Qg4 Rb8 32. Bxg7 Rxb1+ 0-1